Państwa Żelaznej Kurtyny - Statystyki

Ogólne statystyki
  • Ten quiz został rozwiązany 157 razy
  • Średni wynik to 7 z 9
Statystyki odpowiedzi
Państwo % Poprawnych
2 Polska
97%
9 Węgry
89%
4 Czechosłowacja
88%
8 Bułgaria
83%
1 NRD
80%
3 Rumunia
79%
5 Jugosławia
78%
7 ZSRR
68%
6 Albania
65%
Nie znaleziono quizów pasujących do podanych kryteriów
Rozkład punktacji
Procent ludzi z każdym wynikiem
Percentyl według liczby udzielonych odpowiedzi
Twoja historia wyników
Nie rozwiązałeś tego quizu